| 000 | 01728cam a2200385Ia 4500 | ||
|---|---|---|---|
| 001 | ocm45880307 | ||
| 003 | TZ-ArACH | ||
| 005 | 20120313123418.0 | ||
| 008 | 010209s2000 cauab 000 0 eng d | ||
| 020 | _a0595139388 | ||
| 020 | _a9780595139385 | ||
| 035 | _a(OCoLC)45880307 | ||
| 040 |
_aSDE _cTZ-ArACH _dVXW _dOCLCQ _dYDXCP _dMST |
||
| 041 | _aEng | ||
| 043 |
_af-cg--- _af-rw--- _af-ug--- _af-bd--- _an-us--- _afc----- |
||
| 049 | _aTZAA | ||
| 050 | 4 |
_aDT658.26 _b.N43 |
|
| 082 | 0 | 4 | _a365.151096751 |
| 100 | 1 |
_aNgemi, Yaa-Lengi M. _94821 |
|
| 245 | 1 | 0 |
_aGenocide in the Congo (Zaire) :in the name of Bill Clinton, and of the Paris Club, and of the mining Conglomerates, so it is! / _bin the name of Bill Clinton, and of the Paris Club, and of the mining Conglomerates, so it is! / _cYaa-Lengi M. Ngemi. |
| 260 |
_aSan Jose : _bWriters Club Press, _cc2000. |
||
| 300 |
_axiv, 100 p. : _bill., map ; _c23 cm. |
||
| 610 | 2 | 0 |
_aParis Club. _94822 |
| 650 | 0 |
_aGenocide _zCongo (Democratic Republic) _94823 |
|
| 650 | 0 |
_aHuman rights _zCongo (Democratic Republic) _94824 |
|
| 650 | 0 |
_aMineral industries _xPolitical aspects _zAfrica, Central. _94825 |
|
| 651 | 0 |
_aCongo (Democratic Republic) _xPolitics and government _y1997- _94826 |
|
| 651 | 0 |
_aRwanda _xPolitics and government. _94827 |
|
| 651 | 0 |
_aUganda _xPolitics and government. _94828 |
|
| 651 | 0 |
_aBurundi _xPolitics and government. _94829 |
|
| 651 | 0 |
_aUnited States _xForeign relations _y1993-2001. _94830 |
|
| 942 |
_2lcc _cBOOK |
||
| 999 |
_c1617 _d1617 |
||